Statistiques concernant Les français vainqueurs d'étapes du Tour d'Italie (2000-...)

Cliquez ici pour prendre le quiz!

Statistiques générales

  • Ce quiz a été pris 128 fois
    (37 depuis la dernière actualisation)
  • Le résultat moyen est 13 sur 19

Statistiques - réponses

EditionEtapeEquipeVainqueur% Correct
2017Pordenone → Asiago (étape 20)FDJThibaut Pinot
97%
2022Sanremo → Coni (étape 13)Groupama-FDJArnaud Démare
94%
2022Palmi → Scalea (étape 6)Groupama-FDJArnaud Démare
94%
2022Catane → Messine (étape 5)Groupama-FDJArnaud Démare
94%
2020Porto Sant'Elpidio → Rimini (étape 11)Groupama-FDJArnaud Démare
94%
2020Matera → Brindisi (étape 7)Groupama-FDJArnaud Démare
94%
2020Castrovillari → Matera (étape 6)Groupama-FDJArnaud Démare
94%
2020Catane → Villafranca Tirrena (étape 4)Groupama-FDJArnaud Démare
94%
2019Ravenne → Modène (étape 10)Groupama-FDJArnaud Démare
94%
2017Tirano → Canazei (étape 17)Cannondale-DrapacPierre Rolland
73%
2014Modène → Salsomaggiore Terme (étape 10)FDJ.frNacer Bouhanni
58%
2014Frosinone → Foligno (étape 7)FDJ.frNacer Bouhanni
58%
2014Giovinazzo → Bari (étape 4)FDJ.frNacer Bouhanni
58%
2019Commezzadura → Rasun-Anterselva (étape 17)AG2R La MondialeNans Peters
48%
2021Foggia → Guardia Sanframondi (étape 8)CofidisVictor Lafay
45%
2011Tortoreto Lido → Castelfidardo (étape 11)AG2R La MondialeJohn Gadret
33%
2010Novara → Novi Ligure (étape 5)Quick StepJérôme Pineau
24%
2005Lissone → Varazze (étape 16)Crédit AgricoleChristophe Le Mével
12%
2010Brunico → Pelo Terme (étape 17)CofidisDamien Monier
6%

Distribution des résultats

Percentile par nombre de réponses

% des personnes avec chaque résultat

Votre développement - résultats

Vous n’avez pas pris ce quiz depuis la dernière actualisation